| 000 | 01084nam a22003257a 4500 | ||
|---|---|---|---|
| 001 | BR2013009394 | ||
| 003 | BR-BrBNA | ||
| 005 | 20230928104320.0 | ||
| 007 | ta | ||
| 008 | 230509b bl.||||| |||| 00| 0 por d | ||
| 040 |
_aBR-BrBNA _bpor _cBiblioteca Nacional de Agricultura |
||
| 041 | _a(Por) | ||
| 072 | _aP33 | ||
| 090 | _ P33 BR2013009394 | ||
| 100 | 1 | _aMarchão, R.L. | |
| 110 | 1 |
_aUniversidade Federal de Goiás, Goiânia, GO (Brasil). Engenharia de Alimentos _0Tese (Doutorado em Agronomia, Área de Concentração em Solo e Água) _910797 |
|
| 245 | 1 | _aIntegração lavoura-pecuária num latossolo do cerrado: impacto na físcia, matéria orgânica e macrofauna | |
| 260 | 3 |
_aGoiânia, GO (Brasil): _c2007. |
|
| 300 | _a153 p. | ||
| 500 | _aIncludes several bibliographies; Summaries (Eng, Por); 13 illus.; 16 tables | ||
| 650 | _aCERRADO | ||
| 650 | _aLAVOURA | ||
| 650 | _aPECUÁRIA | ||
| 650 | _aINTEGRAÇÃO | ||
| 650 | _aSOLO | ||
| 650 | _aFÍSICA DO SOLO | ||
| 650 | _aMATÉRIA ORGÂNICA | ||
| 909 |
_a202309 _bLucia _c55 _dLucia Elande |
||
| 942 | _cBK | ||
| 999 |
_c79249 _d79249 |
||